000 00737nam a22002297a 4500
003 UA-OsUOA
001 109607
007 ta
008 20150122b un ||||| |||| 00| 0 ukr d
100 _aНікітіна І.М.
700 _aМосквін О.О.
090 _a330(477)
_bН71
942 _cSA
040 _aUA-OsUOA
_bukr
_cUA-OsUOA
_dUA-OsUOA
245 _aВпровадження нових міжнародних сьандартів національних рахунків у статистиці України
300 _aС.4-11
955 _a0
041 _aukr
080 _a330(477)
773 0 _w109606
_tСтатистика України
_dК.
_d2014
_g3
650 7 _a330 Економіка взагалі
_2UDC
999 _c395572
_d395572